[Event "Berlin-ch Seniors op 26th"]
[Site "Berlin"]
[Date "2010.02.15"]
[Round "7"]
[White "Legler, Roland"]
[Black "Telianer, Mikhail"]
[Result "1/2-1/2"]
[WhiteElo "1575"]
[BlackElo "1479"]
[PlyCount "31"]
[EventDate "2010.02.09"]
[EventType "swiss"]
[EventRounds "9"]
[EventCountry "GER"]
[SourceTitle "EXT 2012"]
[Source "ChessBase"]
[SourceDate "2011.11.24"]
[SourceVersion "1"]
[SourceVersionDate "2011.11.24"]
[SourceQuality "1"]

1. d4 Nf6 2. c4 e6 3. Nf3 b6 4. g3 Bb7 5. Bg2 c5 6. 0-0 d6 7. Nc3 Be7 8. dxc5 bxc5 9. b3 0-0 10. Re1 Ne4 11. Nxe4 Bxe4 12. Bb2 Qc7 13. Nd2 Bxg2 14. Kxg2 Nd7 15. e4 Ne5 16. Nf3 1/2-1/2

[Event "Berlin-ch Seniors op 26th"]
[Site "Berlin"]
[Date "2010.02.13"]
[Round "5"]
[White "Prix, Siegfried"]
[Black "Telianer, Mikhail"]
[Result "0-1"]
[WhiteElo "1640"]
[BlackElo "1479"]
[PlyCount "92"]
[EventDate "2010.02.09"]
[EventType "swiss"]
[EventRounds "9"]
[EventCountry "GER"]
[SourceTitle "EXT 2012"]
[Source "ChessBase"]
[SourceDate "2011.11.24"]
[SourceVersion "1"]
[SourceVersionDate "2011.11.24"]
[SourceQuality "1"]

1. e4 e6 2. d4 c5 3. Nf3 cxd4 4. Nxd4 Nc6 5. Nc3 a6 6. Be3 Bb4 7. Nde2 Qc7 8. a3 Bxc3+ 9. Nxc3 b6 10. Qg4 Kf8 11. Rd1 Nf6 12. Qh4 Ne5 13. Bf4 Qc5 14. Be3 Qc6 15. f3 Rb8 16. Be2 Nc4 17. Bc1 Nxa3 18. Bd3 Nc4 19. Bxc4 Qxc4 20. Bf4 Rb7 21. Bd6+ Kg8 22. f4 h6 23. e5 Ne4 24. Rd3 Nxd6 25. exd6 Kh7 26. 0-0 Qc5+ 27. Kh1 Rb8 28. Qe7 f6 29. Rg3 Rg8 30. Qf7 Qf5 31. Rh3 Qg6 32. Qxg6+ Kxg6 33. Rg3+ Kf7 34. Rd1 Bb7 35. Rd4 Bc6 36. Kg1 Rgc8 37. h4 f5 38. h5 a5 39. b3 Ra8 40. Re3 Rcb8 41. Rc4 Ra7 42. Re5 Ke8 43. Nd1 b5 44. Rcc5 a4 45. b4 a3 46. Nc3 a2 0-1

[Event "Berlin-ch Seniors op 25th"]
[Site "Berlin"]
[Date "2009.02.19"]
[Round "8"]
[White "Telianer, Mikhail"]
[Black "Bolle, Dietrich"]
[Result "1/2-1/2"]
[WhiteElo "1690"]
[BlackElo "1336"]
[PlyCount "50"]
[EventDate "2009.02.12"]
[EventType "swiss"]
[EventRounds "9"]
[EventCountry "GER"]
[SourceTitle "EXT 2022"]
[Source "ChessBase"]
[SourceDate "2021.10.06"]
[SourceVersion "1"]
[SourceVersionDate "2021.10.06"]
[SourceQuality "1"]

1. Nf3 Nf6 2. d4 d5 3. Bf4 c6 4. e3 Nbd7 5. c3 g6 6. Bd3 Bg7 7. Nbd2 Qb6 8. Qc2 c5 9. 0-0 c4 10. Be2 Nh5 11. Bg3 Nxg3 12. hxg3 Nf6 13. e4 Nxe4 14. Nxe4 dxe4 15. Nd2 Be6 16. Nxc4 Qc6 17. Ne3 Rd8 18. g4 f5 19. gxf5 gxf5 20. f4 b5 21. a4 Bxd4 22. Bxb5 Bxe3+ 23. Kh2 Qxb5 24. axb5 Rd2 25. Qa4 Rg8 1/2-1/2

[Event "Berlin-ch Seniors op 24th"]
[Site "Berlin"]
[Date "2008.02.25"]
[Round "5"]
[White "Telianer, Mikhail"]
[Black "Albinus, Guenter"]
[Result "0-1"]
[WhiteElo "1472"]
[BlackElo "1782"]
[PlyCount "102"]
[EventDate "2008.02.21"]
[EventType "swiss"]
[EventRounds "9"]
[EventCountry "GER"]
[SourceTitle "EXT 2022"]
[Source "ChessBase"]
[SourceDate "2021.10.06"]
[SourceVersion "1"]
[SourceVersionDate "2021.10.06"]
[SourceQuality "1"]

1. d4 d5 2. Nf3 Nf6 3. Bf4 c6 4. c3 e6 5. Nbd2 Bd6 6. Bg3 Qe7 7. e3 Nbd7 8. Ne5 0-0 9. Qc2 Ne8 10. Bd3 f5 11. f4 c5 12. Ndf3 Nef6 13. Qe2 Ne4 14. Bh4 Qe8 15. Nxd7 Bxd7 16. 0-0 c4 17. Bxe4 fxe4 18. Ne5 b5 19. Nxd7 Qxd7 20. Be1 Qe7 21. a3 a5 22. Bd2 b4 23. axb4 axb4 24. cxb4 Bxb4 25. Bc3 Bxc3 26. bxc3 Ra3 27. Rxa3 Qxa3 28. Qd2 Rb8 29. Rc1 Rb2 30. Rc2 Rxc2 31. Qxc2 Qa1+ 32. Kf2 h5 33. Qd2 g6 34. Kg3 Qb1 35. Kh4 Kg7 36. Kg5 Qb6 37. Kh4 Qd8+ 38. Kg3 g5 39. fxg5 Qxg5+ 40. Kf2 e5 41. dxe5 Qxe5 42. Qd4 Qxd4 43. exd4 Kg6 44. h4 Kf6 45. Ke3 Kf5 46. Ke2 Kg4 47. Ke3 Kg3 48. Ke2 Kxg2 49. Ke1 Kf3 50. Kf1 e3 51. Ke1 e2 0-1

[Event "Berlin-ch Seniors op 24th"]
[Site "Berlin"]
[Date "2008.02.23"]
[Round "3"]
[White "Telianer, Mikhail"]
[Black "Mueller, Johannes1"]
[Result "1-0"]
[WhiteElo "1472"]
[BlackElo "1676"]
[PlyCount "121"]
[EventDate "2008.02.21"]
[EventType "swiss"]
[EventRounds "9"]
[EventCountry "GER"]
[SourceTitle "EXT 2022"]
[Source "ChessBase"]
[SourceDate "2021.10.06"]
[SourceVersion "1"]
[SourceVersionDate "2021.10.06"]
[SourceQuality "1"]

1. d4 f5 2. c4 e6 3. Nf3 Nf6 4. Nc3 Be7 5. e3 0-0 6. Be2 d6 7. 0-0 Nc6 8. a3 Qe8 9. b4 Bd8 10. Qc2 Qh5 11. Ne5 Qh4 12. Nxc6 bxc6 13. c5 d5 14. f4 g5 15. fxg5 Ne4 16. Rf4 Qxg5 17. Bd2 Rf6 18. Be1 Rh6 19. Nxe4 dxe4 20. Bg3 Bf6 21. Qb3 Kh8 22. Rf2 Rg6 23. Bf4 Qh4 24. Bc4 Bd8 25. Qb2 Kg8 26. Qe2 a5 27. b5 Bd7 28. Rb1 cxb5 29. c6 Bxc6 30. Bxb5 Bd5 31. Bc4 c6 32. Bxd5 cxd5 33. Rb7 Rc8 34. g3 Qg4 35. Qxg4 Rxg4 36. Rfb2 Rg7 37. Rxg7+ Kxg7 38. h4 Kg6 39. Kg2 Rc3 40. Rb8 Be7 41. Rb6 Rxa3 42. Rxe6+ Kf7 43. Re5 Ra2+ 44. Kf1 Bd6 45. Rxd5 Bxf4 46. Rxf5+ Ke6 47. Rxf4 Kd5 48. g4 a4 49. Rf8 Kc4 50. g5 a3 51. h5 Kd3 52. g6 hxg6 53. hxg6 Rb2 54. g7 a2 55. Ra8 Rb8 56. Rxa2 Kxe3 57. d5 Kd4 58. d6 Ke5 59. d7 Ke6 60. Rd2 Rd8 61. g8Q+ 1-0

[Event "Berlin-ch Seniors op 23rd"]
[Site "Berlin"]
[Date "2007.02.10"]
[Round "6"]
[White "Gunkel, Wolfgang"]
[Black "Telianer, Mikhail"]
[Result "1-0"]
[WhiteElo "1565"]
[BlackElo "1401"]
[PlyCount "88"]
[EventDate "2007.02.05"]
[EventType "swiss"]
[EventRounds "9"]
[EventCountry "GER"]
[SourceTitle "EXT 2022"]
[Source "ChessBase"]
[SourceDate "2021.10.06"]
[SourceVersion "1"]
[SourceVersionDate "2021.10.06"]
[SourceQuality "1"]

1. d4 Nf6 2. c4 e6 3. Nf3 b6 4. a3 a5 5. Nc3 Bb7 6. Bg5 d5 7. cxd5 exd5 8. e3 Be7 9. Bd3 h6 10. Bh4 Nbd7 11. 0-0 0-0 12. Rc1 c6 13. Re1 Re8 14. Bb1 Qc7 15. Bg3 Bd6 16. Nb5 Bxg3 17. Nxc7 Bxc7 18. Bf5 Re7 19. Bd3 Bd6 20. g3 a4 21. b4 axb3 22. Rb1 b2 23. Rxb2 Bxa3 24. Ra2 b5 25. Qb3 b4 26. Qc2 Ne4 27. Bxe4 Rxe4 28. Nd2 Re6 29. Nb1 Nb6 30. Nxa3 bxa3 31. Qb3 Ra6 32. Rxa3 Nc4 33. Rxa6 Bxa6 34. Ra1 Bb5 35. Qc2 g5 36. Ra7 Nd6 37. Qc5 Kg7 38. Rd7 Ne4 39. Qa7 Rf6 40. f4 gxf4 41. exf4 h5 42. Qb8 Rf5 43. Rd8 Rf6 44. Qe5 Kh7 1-0